00792nam a2200253 a 450000100060000000300080000600500170001400800410003103500190007204000270009104100080011808200250012610000210015124500810017226000490025330000350030249000430033750400380038050500140041865000220043270000210045470000200047583000430049570784BD-RjUL20211209082035.0170420s1963 nyu 001 0 eng d a(BD-RjUL)70998 aAPLcAPLdBD-RjULbeng aeng 223a541.38bJON 19631 aJohnson, Noah R.10aNuclear chemistry /cNoah R. Johnson, Eugene Eichler, and G. Davis O'Kelley. aNew York :bInterscience Publishers,cc1963. axiii, 202 p. :bill. ;c24 cm.1 aTechnique of organic chemistry ;vv. 2 aIncludes bibliography, and index. aVol. 2 -- aNuclear chemistry1 aEichler, Eugene.1 aO'Kelley, G. D. 0aTechnique of organic chemistry ;vv. 2